000 00850nam a22002417a 4500
999 _c8423
_d8423
001 8423
003 BD-JhCC
005 20191115134008.0
008 180220b2004 bg a|||| ||a| 000 0 ben d
035 _a(BD-JhCC)8423
040 _aBD-JhCC
_dBD-JhCC
041 _aben
082 _a541.3
_bSAL 2004
100 _aসালাম, মুঃ আবদুস
245 _aমৌলিক ভৌত রসায়ন /
_cমুঃ আবদুস সালাম; দিদারুল আলম চৌধুরী
246 _aFundamental Physical Chemistry /
260 _aঢাকা :
_bকোয়ালিটি পাবলিকেশন,
_c2004.
300 _a398 p. :
_c22 cm.
650 _aPhysical Chemistry
700 _aচৌধুরী, দিদারুল আলম
942 _2ddc
_cBK
_03